| 000 | 00614nam a2200205Ia 4500 | ||
|---|---|---|---|
| 005 | 20250507130212.0 | ||
| 008 | 008 250505s9999 xx 000 0 eng d | ||
| 037 | _aSeries Article | ||
| 040 |
_aEASL _beng _cEASL |
||
| 041 |
_aeng _2eng |
||
| 084 | _qEASL | ||
| 100 |
_aBin Sheng _9668791 |
||
| 245 | 0 | _aImapct of foreign direct investment on china's environment:an empirical study based on industrial panel data | |
| 260 |
_aChina _bBeijing Routledge China _c2012 |
||
| 300 | _a89-107 | ||
| 650 | _aSocial Science | ||
| 700 |
_aYue Lu _9668792 |
||
| 942 | _cSRA | ||
| 999 |
_c1318290 _d1318290 |
||